| 000 | 01005cam a22002891 4500 | ||
|---|---|---|---|
| 001 | 26210 | ||
| 003 | BD-RjUL | ||
| 005 | 20211209051003.0 | ||
| 008 | 140320s1950 ii a b 000 1 eng | ||
| 035 | _a(BD-RjUL)26280 | ||
| 035 | _a(OCoLC)6179739 | ||
| 040 |
_aDLC _cAzU _dDLC _dBD-RjUL _beng |
||
| 041 | _aeng | ||
| 082 |
_a954.0234 _bCAN 1950 |
||
| 100 | 1 |
_aCaunter, Robert. _980582 |
|
| 245 | 1 | 0 |
_aNur Jahan and Jahangir / _cby Robert Caunter, Mountstuart Elphinstone [and] Stanley Lane-Poole. |
| 260 |
_aCalcutta : _bSusil Gupta, _cc1950. |
||
| 300 |
_a107 p. [4 ] : _bill. ; _c18 cm. |
||
| 504 | _aBibliographical footnotes. | ||
| 600 | 0 | 0 |
_aNūr Jahān, _cEmpress, consort of Jahangir, Emperor of Hindustan, _d-1645 _xFiction. _980589 |
| 600 | 0 | 0 |
_aJahangir, _cEmperor of Hindustan, _d1569-1627 _xFiction. _980590 |
| 700 | 1 |
_aElphinstone, Mountstuart, _d1779-1859. _980585 |
|
| 700 | 2 |
_aLane-Poole, Stanley, _d1854-1931. _980489 |
|
| 942 |
_2ddc _cBK |
||
| 999 |
_c26210 _d26210 |
||